Score 0/32 Timer 04:00
1 Play Today
Category Answer % Correct
Greek LetterAlpha
95.5%
US StateCalifornia
93.5%
North American CountryCanada
90.5%
Punctuation MarkComma
90%
European CountryCroatia
87.9%
South American CountryBolivia
85.5%
Asian CountryChina
84%
US PresidentBarack Obama
82.8%
African CountryEquatorial Guinea
81.8%
Human Skeleton BoneTibia
79.9%
Top US Baby Girl Name (2000s)Emma
79.7%
Simpsons CharacterLisa
78.5%
Country in OceaniaTonga
74.7%
Main Friends CharacterMonica
73.2%
Orchestral InstrumentTuba
72.3%
Disney PrincessAurora
69.7%
Category Answer % Correct
Zodiac SignLibra
65.7%
Scooby-Doo CharacterVelma
62.6%
Greek GodAthena
59.5%
Brady Bunch CharacterMarcia
58.5%
US State CapitalOlympia
55.1%
State of MatterPlasma
52.5%
European CapitalVienna
49.5%
UEFA Champions League WinnerBenfica
40.8%
Roald Dahl BookMatilda
38.4%
The Beatles SongOb-La-Di, Ob-La-Da
37.6%
Female Wimbledon Winner (1960-)Maria Sharapova
37.5%
AKC Dog BreedChihuahua
33.4%
Original 64 Crayola ColorMagenta
29%
Old Testament Bible BookJoshua
26.2%
Oscar Best Picture WinnerCasablanca
25.6%
Shakespeare PlayAntony and Cleopatra
21.1%

You're not logged in!

Compare scores with friends on all Sporcle quizzes.
OR
Log In

Sporcle TV

Today on Sporcle TV


Watch our educational content, quiz creation guides, and fun videos on Sporcle TV.

Show Comments

Extras

Top Quizzes Today


Score Distribution

Paid Content

Your Account Isn't Verified!

In order to create a playlist on Sporcle, you need to verify the email address you used during registration. Go to your Sporcle Settings to finish the process.

Report this User

Report this user for behavior that violates our Community Guidelines.

Details: